| 000 | 00550nam a2200193 a 4500 | ||
|---|---|---|---|
| 005 | 20140310183150.0 | ||
| 008 | 020821s19uu xx 00 eng d | ||
| 020 | _a0071180001 | ||
| 050 |
_aQA 76.575 _b.H645 2001 |
||
| 100 | _aHofstetter, Fred T. | ||
| 245 |
_aMultimedia literacy / _cFred T. Hofstetter. |
||
| 260 |
_aUnited States : _bMcGraw-Hill Companies Inc., _c2001. |
||
| 300 |
_a418 p. : _bcol. ill. ; _c28 cm. |
||
| 521 | _aIT | ||
| 650 | _aMultimedia system | ||
| 650 | _aComputer literacy | ||
| 942 |
_cBK _2lcc _kFOR |
||
| 999 |
_c19643 _d19643 |
||